| 000 | 00509cam a22001097a 4500 | ||
|---|---|---|---|
| 008 | 180718b1970 xxu||||| |||| 00| 0 eng d | ||
| 082 | _aT39 Un3in | ||
| 245 |
_aInnovations in the practice of trade and economic co-operation between the socialist countries of eastern europe and the developing countries _cby United Nations Conference on Trade and Development, Switzerland |
||
| 260 |
_aNew York _bUnited Nations _c1970 |
||
| 300 | _a39+p | ||
| 700 | _aSwitzerland. United Nations Conference on Trade and Development | ||
| 999 |
_c497853 _d497853 |
||